[Event "FSFMB July 2013"]
[Site "Budapest HUN"]
[Date "2013.07.16"]
[Round "11.4"]
[White "Brassoi-Tarnovszki,Aurel"]
[Black "Lukacs,Albert"]
[Result "0-1"]
[WhiteElo "1622"]
[BlackElo "1915"]

1.e4 c5 2.Nf3 e6 3.d4 cxd4 4.Nxd4 a6 5.Nc3 Qc7 6.a3 b5 7.Bd3 Bb7 8.Be3 Nf6
9.f3 Nc6 10.Qd2 Nxd4 11.Bxd4 Bc5 12.Bxc5 Qxc5 13.Qf2 Rc8 14.Qxc5 Rxc5 15.Kf2 Ke7
16.Ne2 d6 17.c3 Nd7 18.Rhd1 Ne5 19.Rd2 g5 20.h3 h5 21.Rad1 Rd8 22.Ke3 d5
23.exd5 Bxd5 24.f4 gxf4+ 25.Nxf4 Bb3 26.Re1 Bc4 27.Be2 Rxd2 28.Kxd2 Bxe2
29.Rxe2 Nc4+ 30.Kd3 h4 31.Rf2 e5 32.b4 Rc8 33.Nd5+ Ke6 34.Nf6 Rd8+ 35.Kc2 Ne3+
36.Kb3 Nd1 37.Rf3 Rd2 38.a4 Nf2 39.axb5 axb5 40.Ne8 Kd7 41.Nf6+ Ke6 42.Nh5 Ne4
43.Ng7+ Kd5 44.Rxf7 Rxg2 45.Rd7+ Kc6 46.Re7 Nd2+ 47.Kc2 Nc4+ 48.Kd3 e4+  0-1

[Event "Czech Open G1 Rapid 2013"]
[Site "Pardubice CZE"]
[Date "2013.07.17"]
[Round "2.1"]
[White "Westerberg,J"]
[Black "Movsesian,S"]
[Result "0-1"]
[WhiteElo "2410"]
[BlackElo "2699"]

1.e4 c5 2.Nc3 a6 3.Nf3 e6 4.d4 cxd4 5.Nxd4 Nc6 6.Be3 Qc7 7.Be2 b5 8.a3 Bb7
9.O-O Nf6 10.f4 d6 11.Bf3 Be7 12.e5 dxe5 13.Nxc6 Bxc6 14.Bxc6+ Qxc6 15.fxe5 Rd8
16.Qe2 Nd7 17.Qg4 O-O 18.Qg3 f5 19.exf6 Bxf6 20.Rad1 Be5 21.Rxf8+ Rxf8 22.Qh3 Nf6
23.Re1 Qc4 24.Kh1 Ng4 25.Bg1 Bxh2 26.b3 Qf4 27.g3  0-1

[Event "Czech Open G1 Rapid 2013"]
[Site "Pardubice CZE"]
[Date "2013.07.18"]
[Round "5.26"]
[White "Savitskiy,S"]
[Black "Korinek,O"]
[Result "1-0"]
[WhiteElo "2351"]
[BlackElo "2331"]

1.e4 c5 2.Nf3 e6 3.d4 cxd4 4.Nxd4 a6 5.Nc3 Qc7 6.f4 d6 7.Qf3 Nf6 8.Be3 Nbd7
9.g4 Nb6 10.g5 Nfd7 11.O-O-O Nc4 12.Bxc4 Qxc4 13.f5 e5 14.Nb3 b6 15.Nd2 Qc6
16.g6 hxg6 17.fxg6 f5 18.Qxf5 Nf6 19.Qf2 Be6 20.Bg5 Be7 21.Bxf6 Bxf6 22.h4 O-O-O
23.Kb1 Kb7 24.Nf1 Rh6 25.Qg2 Rxh4 26.Rxh4 Bxh4 27.Ne3 Rf8 28.Rf1 Rxf1+ 29.Qxf1 Qe8
30.Qg2 Qf8 31.Nf5 Be1 32.Nd1 Bxf5 33.exf5+ Ka7 34.Ne3 Bh4 35.a3 Qc8 36.Qe4 Bg5
37.Nd5 Qc5 38.Ka2 Kb8 39.f6 Bxf6 40.Nxf6 gxf6 41.g7 Qc8 42.Qd5  1-0

[Event "Czech Open G1 Rapid 2013"]
[Site "Pardubice CZE"]
[Date "2013.07.18"]
[Round "8.14"]
[White "Belyakov,B"]
[Black "Schlosser,P"]
[Result "0-1"]
[WhiteElo "2430"]
[BlackElo "2602"]

1.e4 c5 2.Nf3 e6 3.d4 cxd4 4.Nxd4 a6 5.Nc3 b5 6.a3 Bb7 7.Bd3 d6 8.f4 Nf6
9.Qf3 Nbd7 10.O-O Rc8 11.Kh1 g6 12.f5 gxf5 13.Bd2 Rxc3 14.Bxc3 fxe4 15.Qh3 exd3
16.Rae1 e5 17.cxd3 Rg8 18.Nf3 Bd5 19.d4 e4 20.Nd2 Be7 21.Qh4 Rg4 22.Qh6 Rg6
23.Qh4 Kf8 24.Re2 Kg8 25.Rfe1 Nf8 26.Nf1 Bc4 27.Rd2 Ng4 28.Qh5 Ne6 29.d5 Nc5
30.Ne3 Nxe3 31.Rxe3 Bg5 32.Rh3 h6 33.Rf2 Bxd5 34.Qd1 Be6 35.Qd4 f6 36.Rg3 Kf7
37.b4 Nd3 38.Rxd3 exd3 39.h4 Bc4 40.hxg5 hxg5 41.Rf3 g4 42.Re3 Qc7 43.Kg1 d5
44.g3 Qd7 45.Re1 Rh6 46.Rf1 Qe7 47.Bd2 Rg6 48.Re1 Qd7 49.Kg2 Rg7 50.Rf1 Rg6
51.Re1 Rg8 52.Kg1 Kg6 53.Bc3 Rf8 54.Rf1 Qe6 55.Rf4 Kh5 56.Qf2 f5 57.Bd2 Kg6
58.Rxg4+ fxg4 59.Qxf8 Qf7 60.Qxf7+ Kxf7 61.Kf2 d4 62.Ke1 Ke6 63.Bf4 Bd5 64.Kd2 Be4
65.Bh6 Kd5 66.Bg7 Kc4 67.Bf6 Bf5 68.Bg7 Kb3 69.Bxd4 Kxa3 70.Bc5 Ka4 71.Kc3 a5
72.bxa5 Kxa5 73.Be3 Ka4 74.Bc1 b4+ 75.Kb2 Kb5 76.Bh6 Kc4 77.Bg5 Bd7 78.Bf6 Ba4
79.Bg5 Bc2 80.Be7 b3 81.Kc1 Kd5 82.Bf6 Ke4 83.Kd2 Kf3 84.Be5 Kf2 85.Kc3 Ke3
86.Bf4+ Ke2 87.Bg5 b2 88.Kxb2 d2  0-1

[Event "6th Paleochora Open"]
[Site "Paleochora GRE"]
[Date "2013.07.19"]
[Round "1.4"]
[White "Aggelaki,S"]
[Black "Rychagov,A"]
[Result "0-1"]
[WhiteElo "1682"]
[BlackElo "2544"]

1.e4 c5 2.Nf3 e6 3.d4 cxd4 4.Nxd4 a6 5.Nc3 b5 6.Bd3 Bc5 7.Nf3 d6 8.O-O Nf6
9.Bg5 Nbd7 10.Re1 h6 11.Bxf6 Nxf6 12.h3 Bb7 13.e5 dxe5 14.Nxe5 Qd4 15.Qe2 O-O
16.Rad1 Qf4 17.Nf3 Rfd8 18.Qe5 Qxe5 19.Nxe5 Bd4 20.Re2 Bxc3 21.bxc3 Ne4 22.Rde1 Nxc3
23.Re3 Nxa2  0-1

[Event "6th Paleochora Open"]
[Site "Paleochora GRE"]
[Date "2013.07.19"]
[Round "1.12"]
[White "Ontabasidis,Aristidis"]
[Black "Antic,De"]
[Result "0-1"]
[WhiteElo "1605"]
[BlackElo "2470"]

1.e4 c5 2.Nf3 e6 3.d4 cxd4 4.Nxd4 a6 5.Nc3 d6 6.Bd3 g6 7.Nb3 Bg7 8.Bd2 Nc6
9.f4 d5 10.O-O dxe4 11.Bxe4 Nge7 12.a3 O-O 13.Qe2 Nd5 14.Rad1 Nce7 15.Kh1 Qc7
16.g4 Bd7 17.f5 Nxc3 18.bxc3 exf5 19.gxf5 gxf5 20.Bf4 Qc8 21.Bf3 Ng6 22.Bd6 Re8
23.Qg2 Nh4 24.Bxb7 Nxg2 25.Bxc8 Raxc8 26.Kxg2 Rxc3 27.Nd4 Re4  0-1

[Event "6th Paleochora Open"]
[Site "Paleochora GRE"]
[Date "2013.07.20"]
[Round "2.11"]
[White "Pap,M"]
[Black "Lauritzen,E"]
[Result "1-0"]
[WhiteElo "2489"]
[BlackElo "1981"]

1.e4 c5 2.Nf3 e6 3.d4 cxd4 4.Nxd4 a6 5.Nc3 Qc7 6.Bd3 Nf6 7.O-O d6 8.f4 Be7
9.Be3 Nbd7 10.Qf3 b5 11.e5 Bb7 12.exd6 Qc8 13.Qh3 Bxd6 14.Rae1 Nc5 15.Nf5 exf5
16.Bxf5  1-0

[Event "6th Paleochora Open"]
[Site "Paleochora GRE"]
[Date "2013.07.20"]
[Round "3.18"]
[White "Berset,P"]
[Black "Polzin,R"]
[Result "0-1"]
[WhiteElo "2129"]
[BlackElo "2446"]

1.e4 c5 2.Nf3 e6 3.Nc3 a6 4.d4 cxd4 5.Nxd4 Qc7 6.g3 Bb4 7.Ne2 Nf6 8.Bg2 Be7
9.O-O Nc6 10.Nd4 O-O 11.Re1 d6 12.Be3 Ne5 13.h3 b5 14.g4 b4 15.Nce2 Nc4 16.Bc1 d5
17.b3 Nb6 18.e5 Ne4 19.f3 Nc5 20.Bf4 Nbd7 21.Qd2 Bh4 22.Rec1 Nxe5 23.Qxb4 Ncd7
24.c4 Qa7 25.Qd2 dxc4 26.bxc4 Bb7 27.Qe3 Ng6 28.Bd6 Rfc8 29.Kh1 Bf6 30.Bg3 Nh4
31.Bxh4 Bxh4 32.Rab1 Rab8 33.Rb3 Nc5 34.Rbb1 h6 35.Rd1 Ba8 36.Nb3 Be7 37.Ng3 Qc7
38.Ne2 Rb4 39.Qc3 Na4 40.Qd3 Rxc4 41.Rbc1 Bd5 42.f4 Nb2 43.Bxd5 Rxc1 44.Rxc1 Nxd3
45.Rxc7 Rxc7  0-1

[Event "17th Battle of Senta"]
[Site "Senta SRB"]
[Date "2013.07.20"]
[Round "9.9"]
[White "Domany,Z"]
[Black "Andrijevic,M"]
[Result "1-0"]
[WhiteElo "2158"]
[BlackElo "2322"]

1.e4 c5 2.Nf3 e6 3.d4 cxd4 4.Nxd4 a6 5.Nc3 Qc7 6.g3 Nc6 7.Bg2 Nf6 8.O-O d6
9.a4 Be7 10.Nb3 b6 11.f4 O-O 12.g4 Re8 13.g5 Nd7 14.Qh5 g6 15.Qh6 Bf8 16.Qh4 Nb4
17.Bd2 Rb8 18.Rf3 Qd8 19.Raf1 h5 20.Rh3 Bg7 21.Bf3 Nf8 22.Ne2 e5 23.f5 gxf5
24.Bxh5 f4 25.Nxf4 Bxh3 26.Nxh3 Ng6 27.Bxg6 fxg6 28.Bxb4 d5 29.Nf2 Rb7 30.exd5 e4
31.Nxe4 Qxd5 32.Re1 Re6 33.Bc3 Bxc3 34.bxc3 Rh7 35.Qf4 Rf7 36.Qh4 Rh7 37.Qg4 Kh8
38.Nbd2 Qf5 39.Qg3 Rh3 40.Qb8+ Kg7 41.Qc7+ Qf7 42.Qxf7+ Kxf7 43.Kg2 Rh8 44.Nc4 Ke7
45.Ncd2 Rf8 46.Kg3 Rf5 47.Nf3 Kf8 48.Nd4 Rxg5+ 49.Kf4 Rge5 50.Nxe6+  1-0

[Event "17th Battle of Senta"]
[Site "Senta SRB"]
[Date "2013.07.20"]
[Round "9.3"]
[White "Desnica,V"]
[Black "Nestorovic,De"]
[Result "0-1"]
[WhiteElo "2257"]
[BlackElo "2411"]

1.e4 c5 2.Nf3 e6 3.d4 cxd4 4.Nxd4 a6 5.Nc3 Qc7 6.Be2 Nf6 7.O-O d6 8.a4 b6
9.f4 Bb7 10.Bf3 Nc6 11.Nxc6 Bxc6 12.e5 dxe5 13.fxe5 Nd7 14.Bf4 Be7 15.Kh1 O-O
16.Bxc6 Qxc6 17.Qg4 f5 18.exf6 Rxf6 19.Bg3 Raf8 20.Rxf6 Bxf6 21.Re1 Bxc3
22.bxc3 Rf5 23.h3 h6 24.Kh2 Nc5 25.Qc4 Rd5 26.Qf4 Nxa4 27.Qb8+ Kh7 28.Be5 Rd2
29.Rg1 Re2 30.Bd4 Qe4 31.Qc7 e5 32.Bxb6 Rxc2 33.Ba5 Nb2 34.Qd6 Nd3 35.Qxa6 Qf4+  0-1

[Event "22nd Open ch-MKD"]
[Site "Struga MKD"]
[Date "2013.07.20"]
[Round "8.3"]
[White "Pancevski,F"]
[Black "Veleski,R"]
[Result "1/2-1/2"]
[WhiteElo "2506"]
[BlackElo "2262"]

1.e4 c5 2.Nf3 e6 3.Nc3 a6 4.d4 cxd4 5.Nxd4 Qc7 6.Bd3 Nf6 7.O-O b6 8.Qe2 d6
9.f4 Nbd7 10.Bd2 Bb7 11.b4 Be7 12.Rae1 b5 13.a3 Rc8 14.Kh1 Nb6 15.e5 Nfd5
16.Ncxb5 axb5 17.Nxb5 Qb8 18.c4 dxe5 19.fxe5 Nxc4 20.Bxc4 O-O 21.Bd3 Ba6
22.Qe4 g6 23.Nd4 Bb7 24.Qg4 Qa7 25.Nb5 Qb6 26.Nd6 Bxd6 27.exd6 Qxd6 28.Qd4 f6
29.Qg4 f5 30.Qd4 Rfd8 31.Bg5 Nf4 32.Qxf4 Qxf4 33.Bxf4 Rxd3 34.Rc1 Rxc1 35.Rxc1 Rxa3
36.Kg1 Ra2 37.g3 Rg2+ 38.Kf1 Rxh2 39.Rc7 Be4 40.Be5 h5 41.Rg7+ Kf8 42.Rxg6 Bd5
43.Rh6 Kf7 44.Rh7+ Kg6 45.Rg7+ Kh6 46.Rg8 Bc4+ 47.Kg1 Re2 48.Bf4+ Kh7 49.Rc8 Bd5  1/2-1/2

[Event "DSK GM Open 2013"]
[Site "Cape Town RSA"]
[Date "2013.07.21"]
[Round "2.6"]
[White "Kobese,W"]
[Black "De Villiers,C"]
[Result "1/2-1/2"]
[WhiteElo "2343"]
[BlackElo "2255"]

1.e4 c5 2.Nf3 a6 3.Nc3 e6 4.d4 cxd4 5.Nxd4 Qc7 6.Bd3 Bc5 7.Nb3 Be7 8.Qg4 g6
9.Bg5 d6 10.h4 Nc6 11.Qg3 Nf6 12.O-O-O Bd7 13.Nc5 O-O-O 14.Nxd7 Rxd7 15.Be2 h6
16.Be3 Kb8 17.f3 Rdd8 18.Kb1 Rc8 19.Rd2 Nd7 20.Rhd1 Nce5 21.Bf4 Ka8 22.Qf2 Nb6
23.Rd4 Nbc4 24.Bxc4 Nxc4 25.Na4 Kb8 26.Rxc4 Qxc4 27.Nb6 Qc6 28.Nxc8 Rxc8
29.Qd2 Rd8 30.h5 gxh5 31.Bxh6 Qb5 32.c3 h4 33.Qf4 Qh5 34.Qd2 h3 35.g4 Qg6
36.Bf4 f5 37.exf5 exf5 38.g5 Rg8  1/2-1/2

[Event "15th TCh-Eur Senior"]
[Site "Dresden GER"]
[Date "2013.07.21"]
[Round "2"]
[White "Klundt,K"]
[Black "Neukirch,D"]
[Result "1/2-1/2"]
[WhiteElo "2338"]
[BlackElo "2247"]

1.e4 c5 2.Nf3 e6 3.d4 cxd4 4.Nxd4 a6 5.Nc3 Qc7 6.g3 Nf6 7.Bg2 Bb4 8.Ne2 O-O
9.O-O d6 10.h3 Nc6 11.g4 b5 12.Ng3 Bb7 13.g5 Nd7 14.f4 Bc5+ 15.Kh2 b4 16.Nce2 Ne7
17.c4 bxc3 18.Nxc3 Nb6 19.f5 d5 20.f6 Ng6 21.Qg4 Bd6 22.Ne2 dxe4 23.Kh1 e3
24.fxg7 Bxg2+ 25.Kxg2 Qb7+ 26.Qe4 Qxe4+ 27.Nxe4 Rfd8 28.Bxe3 Nc4 29.Bg1  1/2-1/2

[Event "Horsens Lang Weekend 2013"]
[Site "Horsens DEN"]
[Date "2013.07.21"]
[Round "7.5"]
[White "Mikkelsen,N"]
[Black "Pedersen,M"]
[Result "1-0"]
[WhiteElo "2418"]
[BlackElo "2180"]

1.e4 c5 2.Nf3 e6 3.d4 cxd4 4.Nxd4 a6 5.Nc3 Qc7 6.Be2 Nf6 7.a3 Nc6 8.Be3 Be7
9.f4 d6 10.O-O O-O 11.Kh1 Nxd4 12.Qxd4 e5 13.Qd2 exf4 14.Bxf4 Be6 15.Rac1 Bc4
16.Bg5 Bxe2 17.Qxe2 Qd8 18.Rcd1 Ne8 19.Bf4 Bg5 20.Bg3 Qe7 21.Qg4 Bh6 22.Nd5 Qg5
23.Qh3 Qd8 24.Bf2 Kh8 25.Bd4 f6 26.c3 b5 27.Rf5 Rb8 28.Rdf1 Rb7 29.Nxf6 Rbf7
30.Nd5 Rxf5 31.Rxf5 Rxf5 32.Qxf5  1-0

[Event "Caissa GM July 2013"]
[Site "Kecskemet HUN"]
[Date "2013.07.21"]
[Round "3.3"]
[White "Mihok,O"]
[Black "Jia,H"]
[Result "0-1"]
[WhiteElo "2458"]
[BlackElo "2340"]

1.e4 c5 2.Nf3 e6 3.d4 cxd4 4.Nxd4 a6 5.Nc3 Qc7 6.Bd3 Nf6 7.O-O Bc5 8.Nb3 Be7
9.a4 Nc6 10.a5 Bb4 11.Bd2 O-O 12.Na4 Bxd2 13.Qxd2 d5 14.Nb6 Rb8 15.exd5 exd5
16.h3 Be6 17.Ra4 Rbd8 18.Qc3 Qd6 19.Qc5 d4 20.Qxd6 Rxd6 21.Nc4 Bxc4 22.Rxc4 Re8
23.Ra1 Nd7 24.Kf1 g6 25.Re1 Rxe1+ 26.Kxe1 b5 27.axb6 Nxb6 28.Rxc6 Rxc6 29.Nxd4 Rd6
30.Ne2 Nd5 31.Bc4 Nb4 32.Bb3 Kg7 33.h4 f5 34.g3 Kf6 35.Nf4 h6 36.Ke2 g5 37.hxg5+ hxg5
38.Ng2 Nc6 39.c3 Ne5 40.Ne3 f4 41.gxf4 gxf4 42.Nc4 Nxc4 43.Bxc4 a5 44.b3 Kf5
45.Bd3+ Kg4 46.Be4 Rb6 47.Bd5 Kf5 48.Kd3 Ke5 49.Bg8 Rb8 50.Bf7 Rb7 51.Bc4 Rd7+
52.Ke2 Ke4 53.f3+ Ke5 54.Bd3 Kf6 55.Be4 Rd8 56.Bd3 Kg5 57.Kd2 Kh4 58.Kc2 Re8
59.Bb5 Re6 60.Bc4 Re5 61.Ba6 Kg3 62.Bb7 Kf2 63.c4 Ke3 64.Kc3 Rh5 65.b4 axb4+
66.Kxb4 Kd4 67.Bd5 Rh8 68.Kb5 Rc8 69.Be6 Rc5+ 70.Kb4 Rc6 71.Bd5 Rb6+ 72.Ka3 Kc5
73.Ka2 Rb4 74.Ka3 Rxc4  0-1

[Event "65th ch-MNE 2013"]
[Site "Cetinje SRB"]
[Date "2013.07.23"]
[Round "4.6"]
[White "Nikac,P"]
[Black "Lekic,L"]
[Result "1-0"]
[WhiteElo "2333"]
[BlackElo "2054"]

1.e4 c5 2.Nf3 e6 3.Nc3 a6 4.d4 cxd4 5.Nxd4 Qc7 6.Be2 b5 7.O-O Bb7 8.Bf3 d6
9.a4 b4 10.Na2 Nf6 11.Re1 d5 12.exd5 Nxd5 13.Nxe6 fxe6 14.Bxd5 Be7 15.Rxe6 Bxd5
16.Qxd5 Qd7 17.Nxb4  1-0

[Event "ch-AUT 2013"]
[Site "Feldkirch AUT"]
[Date "2013.07.23"]
[Round "4.1"]
[White "Wallner,J"]
[Black "Shengelia,D"]
[Result "0-1"]
[WhiteElo "2404"]
[BlackElo "2559"]

1.e4 c5 2.Nf3 e6 3.d4 cxd4 4.Nxd4 a6 5.Nc3 Qc7 6.g3 Nc6 7.Bg2 Nxd4 8.Qxd4 Ne7
9.Bf4 Qa5 10.O-O Nc6 11.Qd2 Ne5 12.Qd4 f6 13.a3 Bc5 14.Qd1 Qc7 15.Qh5+ g6
16.Qe2 b5 17.Bh6 Rg8 18.Be3 Bb7 19.Nd1 Rc8 20.c3 Nc4 21.Bd4 e5 22.Bxc5 Qxc5
23.Re1 Ke7 24.Qc2 Rgd8 25.Ne3 Nxe3 26.Rxe3 d5 27.exd5 Bxd5 28.Bxd5 Qxd5 29.Rae1 Rc4
30.R3e2 Kf7 31.Qc1 g5 32.Qe3 Rd7 33.h3 h5 34.Qb6 h4 35.Qb8 hxg3 36.fxg3 Qf3
37.Re3 Qh5 38.Rf1 Qxh3 39.Ref3 Kg7 40.Qb6 Rf7 41.Qxa6 Rg4 42.Qxb5 e4 43.Re3 Rxg3+
44.Rxg3 Qxg3+ 45.Kh1 e3 46.Qe2 Rf8 47.Qg2 e2  0-1

[Event "ch-AUT 2013"]
[Site "Feldkirch AUT"]
[Date "2013.07.23"]
[Round "4.15"]
[White "Rieger,R"]
[Black "Scheffknecht,P"]
[Result "1-0"]
[WhiteElo "2174"]
[BlackElo "2114"]

1.e4 c5 2.Nf3 e6 3.d4 cxd4 4.Nxd4 a6 5.Nc3 Qc7 6.Bd3 Nf6 7.O-O d6 8.f4 Nbd7
9.Nf3 Qc5+ 10.Kh1 Ng4 11.Qe1 Be7 12.Qg3 h5 13.h3 Ngf6 14.e5 h4 15.Qxg7 Rg8
16.exf6 Nxf6 17.Qh6 Nh5 18.Ne4 Ng3+ 19.Nxg3 Rxg3 20.Bd2 Bd7 21.Qh8+ Bf8 22.Be1 O-O-O
23.Bxg3 hxg3 24.Qc3  1-0

[Event "VIII Vladimir Dvorkovich Open"]
[Site "Taganrog RUS"]
[Date "2013.07.23"]
[Round "2.7"]
[White "Berdychevaskaya,N"]
[Black "Tsyhanchuk,S"]
[Result "0-1"]
[WhiteElo "2199"]
[BlackElo "2412"]

1.e4 c5 2.Nf3 e6 3.d4 cxd4 4.Nxd4 a6 5.Nc3 b5 6.Bd3 Qb6 7.Be3 Bc5 8.Qg4 Bxd4
9.e5 Bxe3 10.Qxg7 Bxf2+ 11.Kf1 Bh4 12.g3 Qe3 13.Ne4 Qf3+ 14.Kg1 Bb7 15.Nd6+ Ke7
16.Nxb7 Bf6 17.exf6+ Qxf6 18.Qg4 Nc6 19.c3 Qe5 20.Qf4 Ra7 21.Na5 Qc5+ 22.Kg2 Nxa5
23.b4 Qxc3 24.bxa5 Qxd3 25.Rhd1 Qc2+ 26.Kh3 Qf5+  0-1

[Event "12th World U16 Ol"]
[Site "Chongqing CHN"]
[Date "2013.07.25"]
[Round "5"]
[White "Shen,A"]
[Black "Zenzera,A"]
[Result "1-0"]
[WhiteElo "2286"]
[BlackElo "2418"]

1.e4 c5 2.Nf3 e6 3.d4 cxd4 4.Nxd4 a6 5.Nc3 b5 6.Bd3 Qb6 7.Nf3 Qc7 8.O-O Bb7
9.Re1 Be7 10.Nd4 Nf6 11.e5 Nd5 12.Nxd5 Bxd5 13.Qg4 Nc6 14.Nxc6 Bxc6 15.Qxg7 O-O-O
16.Qxf7 Bb4 17.c3 Rhg8 18.g3 Rdf8 19.Qh5 Be7 20.Bh6 Bf3 21.Qh3 Bg4 22.Qf1 Bc5
23.Be3 h5 24.Be4 h4 25.Qd3 hxg3 26.fxg3 Qxe5 27.Bxc5 Qxc5+ 28.Qe3 Qc7 29.a4 d5
30.Bg2 b4 31.cxb4 Kb8 32.b5 axb5 33.axb5 Rf7 34.Rec1 Qd6 35.Rc6 Qb4 36.Rb6+  1-0

[Event "12th World U16 Ol"]
[Site "Chongqing CHN"]
[Date "2013.07.25"]
[Round "6"]
[White "Oparin,G"]
[Black "Karthikeyan,M2"]
[Result "1/2-1/2"]
[WhiteElo "2497"]
[BlackElo "2443"]

1.e4 c5 2.Nf3 e6 3.d4 cxd4 4.Nxd4 a6 5.Nc3 Qc7 6.Be2 Nf6 7.O-O Nc6 8.Be3 d6
9.f4 Be7 10.Kh1 O-O 11.Qe1 Bd7 12.Qg3 Kh8 13.Bd3 Nb4 14.a3 Nxd3 15.cxd3 b5
16.f5 Rac8 17.Rf2 d5 18.Qxc7 Rxc7 19.fxe6 fxe6 20.exd5 exd5 21.h3 Rcc8 22.Rf3 Kg8
23.Nce2 Rfe8 24.Bf4 Bc5 25.b4 Bb6 26.Bd6 h6 27.Raf1 Kh7 28.Bg3 Be6 29.Rxf6 gxf6
30.Rxf6 Bxd4 31.Nxd4 Bg8 32.Rxa6 Rc3 33.Bf4 Rf8 34.Rxh6+ Kg7 35.Rh4 Re8 36.Rg4+ Kh7
37.Rg3 Rxa3 38.Nxb5 Rb3 39.Bd6 Bf7 40.Nd4 Rb1+ 41.Kh2 Ree1 42.Rf3 Bg6 43.g4 Red1
44.Kg3 Bxd3 45.Be5 Bg6 46.b5 Rb4 47.Rf4 Rd3+ 48.Kh4 Be8 49.Kg5 Kg8 50.h4 Bxb5
51.h5 Be8 52.Bf6 Re3 53.Nf5 Rxf4 54.Nxe3 Ra4 55.Nf5 Bd7 56.Nd4 Kh7 57.Kf4 Rb4
58.g5 Rxd4+ 59.Bxd4 Be8  1/2-1/2

[Event "15th TCh-Eur Senior"]
[Site "Dresden GER"]
[Date "2013.07.25"]
[Round "6"]
[White "Rooze,J"]
[Black "Donchenko,An"]
[Result "1/2-1/2"]
[WhiteElo "2386"]
[BlackElo "2353"]

1.e4 c5 2.Nf3 e6 3.Nc3 a6 4.d4 cxd4 5.Nxd4 b5 6.Bd3 Bb7 7.O-O d6 8.Qe2 Nf6
9.Bg5 Be7 10.Rad1 Nbd7 11.a3 Rc8 12.Kh1 h6 13.Bc1 Qc7  1/2-1/2

[Event "VIII Vladimir Dvorkovich Open"]
[Site "Taganrog RUS"]
[Date "2013.07.25"]
[Round "4.1"]
[White "Andreev,Ed UKR"]
[Black "Popov,Iv RUS"]
[Result "0-1"]
[WhiteElo "2501"]
[BlackElo "2632"]

1.e4 c5 2.Nf3 e6 3.Nc3 a6 4.d4 cxd4 5.Nxd4 Nc6 6.Nxc6 bxc6 7.Bd3 d5 8.O-O Nf6
9.Re1 Be7 10.e5 Nd7 11.Qg4 Kf8 12.Na4 c5 13.c4 Qa5 14.Qd1 d4 15.Bd2 Qc7 16.Qe2 Rb8
17.b3 Bb7 18.Rad1 h5 19.Nb2 g6 20.Bf4 Kg7 21.Be4 a5 22.Rd3 Nb6 23.Qd2 a4
24.Bg5 axb3 25.axb3 Bxe4 26.Rxe4 Ra8 27.h4 Ra1+ 28.Re1 Bxg5 29.hxg5 Rha8
30.Kh2 Rxe1 31.Qxe1 Ra2 32.Rd2 Nd7 33.Nd3 Nxe5 34.Nxe5 Rxd2 35.f4 Rb2 36.Qa1 Rxb3
37.Qa8 Qb7 38.Qe8 Rb2 39.Nc6 Ra2 40.Qd8 Qxc6 41.Qf6+ Kg8  0-1

[Event "ch-AUT 2013"]
[Site "Feldkirch AUT"]
[Date "2013.07.26"]
[Round "7.21"]
[White "Ly,Dominik"]
[Black "Kanonier,C"]
[Result "1/2-1/2"]
[WhiteElo "1907"]
[BlackElo "2110"]

1.e4 c5 2.Nf3 e6 3.d4 cxd4 4.Nxd4 a6 5.Nc3 b5 6.Bd3 Qb6 7.Nb3 Qc7 8.O-O Bb7
9.f4 d6 10.Qe1 Nd7 11.Be3 Ngf6 12.a3 Be7 13.f5 e5 14.Qg3 h5 15.h3 Rc8 16.Rad1 Kf8
17.Rfe1 Rg8 18.Bg5 Nb6 19.Qh4 Nc4 20.Rb1 Nxa3 21.bxa3 Qxc3 22.Bxf6 Bxf6 23.Qxh5 Ke7
24.Qf3 Rh8 25.Qe3 Bh4 26.Red1 f6 27.Qb6 Qc7 28.Qxc7+ Rxc7 29.Na5 Ba8 30.a4 bxa4
31.Ra1 d5 32.exd5 Bxd5 33.Rxa4 Bg5 34.Nb3 Be3+ 35.Kf1 Ra8 36.Rda1 a5 37.Rxa5 Rxa5
38.Rxa5 Bb7 39.c4 e4 40.Be2 Bc6 41.Ra6 Bd7 42.g4 Ra7 43.Rxa7 Bxa7 44.c5 Ba4
45.Bc4  1/2-1/2

[Event "III Brazil Maringa Open"]
[Site "Maringa BRA"]
[Date "2013.07.26"]
[Round "5.5"]
[White "Santiago,Y"]
[Black "Lebredo Zaragoitia,G"]
[Result "1-0"]
[WhiteElo "2409"]
[BlackElo "2209"]

1.e4 c5 2.Nf3 e6 3.d4 cxd4 4.Nxd4 a6 5.Nc3 Nc6 6.Nb3 Nf6 7.Bd3 Be7 8.f4 d6
9.Be3 b5 10.O-O Qc7 11.a4 b4 12.Nb1 e5 13.a5 exf4 14.Bb6 Qb7 15.N1d2 O-O
16.Rxf4 Be6 17.Qe2 Nd7 18.Be3 Bg5 19.Rf2 Bxe3 20.Qxe3 Nde5 21.h3 Qa7 22.Qxa7 Rxa7
23.Kf1 Nxd3 24.cxd3 f5 25.Rc1 Ne5 26.Ke2 fxe4 27.Rxf8+ Kxf8 28.dxe4 Ke7 29.Nd4 Bd7
30.N2f3 Rb7 31.Ke3 h6 32.Nd2 Kd8 33.N2f3 Rc7 34.Rxc7 Kxc7 35.Nxe5 dxe5 36.Nc2 b3
37.Na3 Be6 38.Kd3 Kd6 39.Nc4+ Bxc4+ 40.Kxc4 Kc6 41.Kb4  1-0

[Event "28th Avoine Open"]
[Site "Avoine FRA"]
[Date "2013.07.27"]
[Round "8.8"]
[White "Messinger,K"]
[Black "Petre,NT"]
[Result "1-0"]
[WhiteElo "2119"]
[BlackElo "2371"]

1.e4 c5 2.Nf3 e6 3.d4 cxd4 4.Nxd4 a6 5.Nc3 b5 6.Bd3 Bb7 7.f4 b4 8.Na4 d6
9.a3 Nf6 10.Qe2 d5 11.e5 Ne4 12.axb4 Bxb4+ 13.c3 Be7 14.O-O Nd7 15.f5 Nxe5
16.fxe6 O-O 17.exf7+ Rxf7 18.Rxf7 Nxf7 19.Bf4 Bd6 20.Bxd6 Qxd6 21.Bxe4 dxe4
22.b4 Rc8 23.Nc5 Rxc5 24.bxc5 Qxc5 25.Qb2 Nd6 26.Qb3+ Kh8 27.Rf1 h6 28.Rf8+ Kh7
29.Qg8+ Kg6 30.h4 Bc8 31.Rd8 Bg4 32.h5+ Kxh5 33.Qxg7 Nf5 34.Qf7+ Kh4 35.Rd5 Qb6
36.Rxf5 Bxf5 37.Qxf5 Qb1+ 38.Qf1 Qxf1+ 39.Kxf1 a5 40.c4 Kg5 41.c5 Kf6 42.c6 Ke7
43.Nb5  1-0

[Event "Czech Open A 2013"]
[Site "Pardubice CZE"]
[Date "2013.07.27"]
[Round "9.12"]
[White "Yagupov,I"]
[Black "Jaracz,P"]
[Result "1-0"]
[WhiteElo "2389"]
[BlackElo "2531"]

1.e4 c5 2.Nf3 e6 3.d4 cxd4 4.Nxd4 a6 5.Nc3 Qc7 6.Bd3 Nf6 7.f4 d6 8.Qe2 g6
9.O-O Bg7 10.e5 dxe5 11.Ndb5 axb5 12.Nxb5 Qe7 13.fxe5 O-O 14.exf6 Bxf6 15.Bh6 Bxb2
16.Bxf8 Qxf8 17.Rad1 Bg7 18.Bc4 Ra6 19.Kh1 Bd7 20.Nc7 Rc6 21.Nxe6 Bxe6 22.Bxe6 Rxe6
23.Qxe6 fxe6 24.Rxf8+ Bxf8 25.Rb1 Nc6 26.Rxb7 e5 27.c3 e4 28.g3 Ne5 29.a4 Nc4
30.Rc7 Nd2 31.a5 e3 32.Kg2 Bd6 33.Rc8+  1-0

[Event "9th Gazi 2013"]
[Site "Gazi GRE"]
[Date "2013.07.28"]
[Round "2"]
[White "Kiriakakis,Ioannis"]
[Black "Maris,Io"]
[Result "0-1"]
[WhiteElo "1503"]
[BlackElo "1954"]

1.e4 c5 2.Nf3 e6 3.d4 cxd4 4.Nxd4 a6 5.Nc3 Qc7 6.Be2 Nf6 7.a3 b5 8.O-O Bb7
9.f3 h5 10.Be3 h4 11.Qd3 d6 12.f4 Nbd7 13.Nb3 Rd8 14.Rad1 Be7 15.Bf3 Nc5
16.Nxc5 dxc5 17.Qe2 b4 18.axb4 cxb4 19.Rxd8+ Bxd8 20.Na4 Bxe4 21.Bxe4 Nxe4
22.Qxa6 O-O 23.Qd3 Qc6 24.Re1 f5 25.b3 Bf6 26.Nb6 Rd8 27.Qc4 Qe8 28.Qe2 e5
29.fxe5 Bxe5 30.Nc4 Bb8 31.Bg5 Ba7+ 32.Be3 Qe7 33.Bxa7 Qxa7+ 34.Qe3 Qxe3+
35.Nxe3 g6 36.Rd1 Rc8 37.Nc4 Kg7 38.Rd7+ Kf6 39.Rb7 Rd8 40.Kf1 Rd1+ 41.Ke2 Nc3+
42.Kf2 Rc1 43.Rb6+ Kg7 44.Ne5 g5 45.Rg6+ Kh7 46.Rxg5 Ne4+ 47.Ke2 Nxg5 48.Kd2 Rg1
49.Nd3 Rxg2+ 50.Kd1 Rg4  0-1

[Event "Politiken Cup 2013"]
[Site "Helsingor DEN"]
[Date "2013.07.28"]
[Round "2.58"]
[White "Sorensen,Bernhard"]
[Black "Molvig,Julius"]
[Result "0-1"]
[WhiteElo "1591"]
[BlackElo "1889"]

1.e4 c5 2.Nf3 e6 3.d4 cxd4 4.Nxd4 a6 5.Nc3 Qc7 6.Be3 Bb4 7.Ne2 Nc6 8.a3 Be7
9.g3 Nf6 10.Bg2 O-O 11.Qd2 b5 12.O-O Bb7 13.Bf4 d6 14.Rad1 Rfd8 15.b4 Ne5
16.Bxe5 dxe5 17.Qc1 Qc4 18.f3 h6 19.Rxd8+ Rxd8 20.Rd1 Bd6 21.Rd3 Be7 22.Rxd8+ Bxd8
23.Qd2 Bb6+ 24.Kh1 Qc6 25.g4 Qd7 26.Qxd7 Nxd7 27.a4 Bc6 28.axb5 axb5 29.Nc1 Bd4
30.N1a2 Nb6 31.Bf1 Nc4 32.Bxc4 bxc4 33.b5 Bd7 34.Kg2 Kf8 35.Kf1 Ke7 36.Ke2 Kd6
37.Kd2 Kc5 38.Nc1 Bxb5 39.Nxb5 Kxb5 40.Ne2 g6 41.Nc3+ Bxc3+ 42.Kxc3 Kc5 43.h4 Kb5
44.g5 h5 45.Kb2 Kc6 46.Ka3 Kd6 47.Kb4 Ke7 48.Kxc4 f6 49.Kd3 fxg5 50.hxg5 Kd6
51.Ke3 Kc5 52.Kd3 Kb4 53.c3+ Kb3 54.c4 Kb4 55.c5 Kxc5 56.Ke3 Kc4 57.f4 exf4+
58.Kxf4 Kd4 59.Kf3 h4 60.Kf4 h3 61.Kg3 Kxe4 62.Kxh3 Kf5 63.Kg3 Kxg5 64.Kf3 Kf5
65.Ke3 g5 66.Kf3 e5 67.Ke3 e4 68.Kf2 Kf4 69.Ke2 g4 70.Kf2 g3+ 71.Kg2 e3 72.Kf1 Kf3
73.Ke1 g2 74.Kd1 g1=Q+ 75.Kc2 e2  0-1

[Event "Politiken Cup 2013"]
[Site "Helsingor DEN"]
[Date "2013.07.28"]
[Round "2.40"]
[White "Alquist,E"]
[Black "Friedrich,N"]
[Result "0-1"]
[WhiteElo "2053"]
[BlackElo "2305"]

1.e4 c5 2.Nf3 e6 3.d4 cxd4 4.Nxd4 a6 5.Nc3 Qc7 6.g3 Bb4 7.Bd2 Nf6 8.Bg2 Nc6
9.Nxc6 dxc6 10.O-O O-O 11.f4 Rd8 12.Qe2 e5 13.f5 a5 14.Be3 Bxc3 15.bxc3 b6
16.Rfb1 Ba6 17.Qf2 c5 18.Bg5 Qc6 19.Bxf6 gxf6 20.Rd1 Qa4 21.Rd2 Kf8 22.Rad1 Ke7
23.g4 Bc4 24.g5 Qc6 25.Qh4 Rxd2 26.Rxd2 Rd8 27.gxf6+ Ke8 28.Rxd8+ Kxd8 29.Qxh7 Qxf6
30.Qg8+ Kc7 31.a4 Qh6 32.Qg3 Qc1+ 33.Kf2 Qxc2+ 34.Kf3 Qe2+  0-1

[Event "Politiken Cup 2013"]
[Site "Helsingor DEN"]
[Date "2013.07.29"]
[Round "4.67"]
[White "Kristensen,Kj"]
[Black "Helin,M"]
[Result "1-0"]
[WhiteElo "2141"]
[BlackElo "1910"]

1.e4 c5 2.Nf3 e6 3.d4 cxd4 4.Nxd4 a6 5.Nc3 Qc7 6.Bd3 Nf6 7.O-O h5 8.h3 Ng4
9.hxg4 hxg4 10.g3 Qe5 11.Qxg4 Qxd4 12.Be3 Qb4 13.Rab1 Nc6 14.a3 Qa5 15.b4 Qc7
16.Rb3 Ne5 17.Qe2 b5 18.a4 Bb7 19.axb5 axb5 20.Nxb5 Qc6 21.Rc3 Qxe4 22.Bxe4 Bxe4
23.Nc7+ Kd8 24.Bg5+  1-0